[Event "FRA-chT4 0203"]
[Site "Champagne Ardenne"]
[Date "2003.03.22"]
[Round "5"]
[White "Veron, Kamel"]
[Black "Grandjean, Pierre Emmanuel"]
[Result "0-1"]
[WhiteElo "1199"]
[BlackElo "1900"]
[PlyCount "24"]
[EventDate "2002.10.02"]
[EventType "team"]
[EventRounds "7"]
[EventCountry "FRA"]
[SourceTitle "EXT 2005"]
[Source "ChessBase"]
[SourceDate "2004.11.15"]
[SourceVersion "1"]
[SourceVersionDate "2004.11.15"]
[SourceQuality "1"]

1. Nc3 d5 2. e4 d4 3. Nce2 e5 4. d3 Nc6 5. c3 Bc5 6. cxd4 Nxd4 7. Be3 Ne7 8. f4 exf4 9. Nxf4 Nec6 10. b3 Nb4 11. Bxd4 Qxd4 12. Nf3 Qf2# 0-1

[Event "FRA-chT4 0203"]
[Site "Champagne Ardenne"]
[Date "2002.10.13"]
[Round "1"]
[White "Grandjean, Pierre Emmanuel"]
[Black "Diesbrouck, Philippe"]
[Result "1-0"]
[WhiteElo "1810"]
[BlackElo "1740"]
[PlyCount "85"]
[EventDate "2002.10.02"]
[EventType "team"]
[EventRounds "7"]
[EventCountry "FRA"]
[SourceTitle "EXT 2005"]
[Source "ChessBase"]
[SourceDate "2004.11.15"]
[SourceVersion "1"]
[SourceVersionDate "2004.11.15"]
[SourceQuality "1"]

1. e4 e5 2. Nf3 Nf6 3. d4 Nxe4 4. dxe5 d5 5. exd6 Qxd6 6. Qe2 Qe7 7. Nbd2 Nc5 8. Nc4 Bf5 9. Nd4 Bg4 10. f3 Be6 11. Bf4 Bxc4 12. Qxe7+ Bxe7 13. Bxc4 c6 14. Nf5 g6 15. Nxe7 Kxe7 16. 0-0-0 Nbd7 17. Rhe1+ Ne6 18. Rd6 Ndf8 19. Rd4 b5 20. Bg5+ Ke8 21. Bd3 h6 22. Bf6 Rg8 23. Rd6 Nd7 24. Bc3 Rc8 25. Be4 Nb8 26. Bf6 Nd7 27. Bd4 c5 28. Bc6 Rxc6 29. Rxc6 Kd8 30. Be5 Re8 31. Rd1 Nd4 32. Bxd4 cxd4 33. Rd6 Kc7 34. R6xd4 Nb6 35. Re4 Rc8 36. Re7+ Kb8 37. Rxf7 Nc4 38. Rdd7 Re8 39. Rfe7 Rf8 40. Rxa7 Rd8 41. Reb7+ Kc8 42. Rxb5 Ne3 43. Ra8+ 1-0